| 000 | 00639nam a2200241Ia 4500 | ||
|---|---|---|---|
| 005 | 20260429111850.0 | ||
| 008 | 260429s9999||||xx |||||||||||||| ||und|| | ||
| 020 | _a9788197654602 | ||
| 041 | _aEnglish | ||
| 082 |
_a537.622 _bCHA |
||
| 100 | _aChandra, Suresh | ||
| 245 | 0 |
_aThermal physics and semiconductor devices / _cSuresh Chandra |
|
| 250 | _a1st ed. | ||
| 260 |
_aNew Delhi : _bAne Books, _c2025. |
||
| 300 | _axii, 295 p.; hb | ||
| 650 | _a Electrodynamics | ||
| 650 | _a Semiconductor | ||
| 650 | _a Thermal physics | ||
| 650 | _aPhysics | ||
| 700 | _a Kumar, Amit | ||
| 700 | _a Sharma, Mohit Kumar | ||
| 942 | _cTB | ||
| 999 |
_c51194 _d51194 |
||